Minecraft Mobs anhand ihrer Größe erraten - Statistiken

Allgemein
  • Dieses Quiz wurde 182 mal gespielt
    181 seit der letzten Aktualisierung
  • Das Durchschnittsergebnis liegt bei 3 aus 8
Antwortstatistiken
Breite // Höhe Mob // Entity % Korrekt
0.6 // 2.9 Enderman
84%
0.6 // 1.7 Creeper
62%
0.4 // 0.3 Silberfisch / Endmilbe
57%
0.4 // 0.7 Huhn
40%
4.0 // 4.0 Geist
36%
3.6 // 11.7 Giant
26%
0.6 // 1.8 Spieler
23%
0.2 // 0.25 Baby Kaninchen
9%
Keine übereinstimmenden Quizze gefunden
Verteilung der Resultate
Anzahl Personen mit jedem Resultat
Perzentil nach korrekt beantworteten Fragen
Ihre Resultats-Entwicklung
Sie haben dieses Quiz seit der letzten Aktualisierung nicht gespielt